| 000 | 00510cam a2200193ua 4500 | ||
|---|---|---|---|
| 001 | 10053 | ||
| 008 | 170323n enk |||gr||||Z||||||eng | ||
| 040 | _cMAIN | ||
| 041 | _aeng | ||
| 082 | _a500 | ||
| 100 |
_aAnthony, H.D., _eAuthor. |
||
| 245 |
_aScience and its background _cBy H.D. Anthony |
||
| 250 | _a4th ed. | ||
| 260 |
_a[s.l]: _bEnglish language book society, _c1963. _aLondon: _bMacmillan, |
||
| 300 | _a358p. | ||
| 653 | _aNatural sciences & mathematics | ||
| 653 | _aPopular science | ||
| 942 | _cBK | ||
| 999 |
_c9052 _d9052 |
||